000 00787nam a22002657a 4500
003 URS
005 20230216095643.0
008 170518b xxu||||| |||| 00| 0 eng d
020 _a9812434259
040 _curs
050 _aHF5686 C8 B37 2003
100 _4author
_aBarfield, Jesse T.
245 _aCost accounting:
_btraditions and innovations
_cJesse T. Barfield, Cecily A Raiborn, Michael R. Kinney
250 _aFifth edition
260 _aAustralia
_bSouth-Western
_c2003
300 _axvii, 890 pages:
336 _2rdacontent
_atext
_btxt
337 _2rdamedia
_aunmediated
_bn
338 _2rdacarrier
_avolume
_bnc
504 _aincludes indexes
650 0 _93515
_aCost accounting
700 _4Raiborn, Cecily A
700 _4Kinney, Michael R.
942 _2lcc
_cFR
999 _c14630
_d14630